Mary, Queen of Scots - Statistics

General Stats
  • This quiz has been taken 208 times
  • The average score is 6 of 18
Answer Stats
Question Answer % Correct
Despite being a Scottish Queen, in which country did she grow up? France
97%
Who was Mary's first husband? Francis II of France
97%
Mary also had a claim to the throne of which country? England
78%
What royal house did she belong to? Stuart
67%
Who were Mary's next two husbands? Lord Darnley
49%
Upon escaping Lochleven, from whom did Mary seek protection? Elizabeth I
42%
Who was Mary's grandmother? Margaret Tudor
35%
Who was Henry VIII in relation to Mary? Great Uncle
34%
When was Mary executed? 1587
27%
How old was Mary when she became Queen of Scotland? Six Days
20%
James Hepburn
12%
Mary was brought to trial after being implicated in this. Babington Plot
7%
Where was Mary imprisoned in Scotland after abidcating? Lochleven Castle
5%
For how long was Mary held captive in England? Eighteen years
4%
During her rule, Mary created an atmosphere of what? Religious tolerance
3%
How long did Mary spend in France? Thirteen years
3%
Upon returning to Scotland,why was Mary treated with suspicion? Her Religion
1%
Mary was compelled to do what in 1567? Abdidcate
0%
No matching quizzes found
Score Distribution
Percent of People with Each Score
Percentile by Number Answered
Your Score History
You have not taken this quiz